Bilecik Bilecik Bilecik Bilecik Bilecik

Madencilik : (Record no. 36115)

MARC details
000 -BAŞLIK
Sabit Uzunluktaki Kontrol Alanı 01271nam a22003617a 4500
001 - KONTROL NUMARASI
Control Dosyası 0036215
003 - KONTROL NUMARASI KİMLİĞİ
Kontrol Alanı KOHA_MİRAKIL
005 - EN SON İŞLEM TARİHİ ve ZAMANI
Kontrol Alanı 20260207003002.0
007 - FİZİKSEL TANIM SABİT ALAN - GENEL BİLGİ
Sabit uzunluklu kontrol alanı ta
008 - SABİT UZUNLUKTAKİ VERİ ÖGELERİ - GENEL BİLGİ
Sabit Alan 120411b2001 tu a|||grt|||#0|||0|tur |
020 ## - ISBN - ULUSLARARASI STANDART KİTAP NUMARASI
Isbn 9751927410
040 ## - KATALOGLAMA KAYNAĞI
Özgün Kataloglama Kurumu TR-BiSEU
Kataloglama Dili tur
Çeviri Kurumu TR-BiSEU
Açıklama Kuralları rda
041 0# - DİL KODU
Metin ya da ses kaydının dil kodu tur
044 ## - YAYINLAYAN/ÜRETEN KURULUŞUN ÜLKE KODU
ISO country code tu
050 ## - SINIFLAMA ve YER NUMARASI
Sınıflama Numarası HD9506
Yer Numarası .M33 2001
245 0# - ESER ADI BİLDİRİMİ
Başlık Madencilik :
Alt Eseradı vb. özel ihtisas komisyonu raporu :
-- enerji hammaddeleri alt komisyonu raporu :
-- nükleer enerji hammaddeleri çalışma grubu raporu.
264 #1 - ÜRERİM, YAYIN, DAĞITIM ve TELİF BİLDİRİMİ
Yayın yeri Ankara :
Yayınlayan DPT
Yayın tarihi 2001
300 ## - FİZİKSEL TANIMLAMA
Sayfa, Cilt vb. 27 sayfa :
Diğer fiziki detaylar tbl. ;
Boyutları 25 cm.
336 ## - İÇERİK TÜRÜ
Content type term metin
Content type code txt
Source rdacontent
337 ## - MEDYA TÜRÜ
Media type term aracısız
Media type code n
Source rdamedia
338 ## - TAŞIYICI TÜRÜ
Carrier type term cilt
Carrier type code nc
Source rdacarrier
490 1# - DİZİ BİLDİRİMİ
Dizi Bildirimi Devlet Planlama Teşkilatı.
490 1# - DİZİ BİLDİRİMİ
Dizi Bildirimi Sekizinci Beş Yıllık Kalkınma Planı ;
Cilt Numarası yayın no: DPT: 2587 - ÖİK: 599
500 ## - GENEL NOT
Genel Not Kaynakça var.
650 #0 - KONU BAŞLIĞI EK GİRİŞ - KONU TERİMİ
Konusal terim veya coğrafi ad Nuclear energy--Turkey.
9 (RLIN) 68754
650 #0 - KONU BAŞLIĞI EK GİRİŞ - KONU TERİMİ
Konusal terim veya coğrafi ad Nuclear industry--Turkey.
9 (RLIN) 68755
650 #0 - KONU BAŞLIĞI EK GİRİŞ - KONU TERİMİ
Konusal terim veya coğrafi ad Nükleer enerji--Türkiye.
9 (RLIN) 68756
650 #0 - KONU BAŞLIĞI EK GİRİŞ - KONU TERİMİ
Konusal terim veya coğrafi ad Nükleer endüstri--Türkiye.
9 (RLIN) 68757
830 1# - SERİ EK GİRİŞİ - TEKBİÇİM ESER ADI
Tekbiçim Başlık Devlet Planlama Teşkilatı.
9 (RLIN) 16113
830 1# - SERİ EK GİRİŞİ - TEKBİÇİM ESER ADI
Tekbiçim Başlık Sekizinci Beş Yıllık Kalkınma Planı ;
Volume number/sequential designation yayın no: DPT: 2587 - ÖİK: 599
9 (RLIN) 56649
907 ## - LOCAL DATA ELEMENT G, LDG (RLIN)
a Rapor
942 ## - EK GİRİŞ ÖGELERİ (KOHA)
Source of classification or shelving scheme Library of Congress Classification
Koha item type Book
Holdings
Materyal Türü Kalıcı Konum Mevcut Konum Raf Yeri Sınıflandırma Kaynağı Edinim Bilgisi Ana Konular Alt Konular Yer Numarası Demirbaş Numarası Fatura Tarihi Geri Çekilme Durumu Kayıp Durumu Hasarlı Durumu Kredi için değil Kayıt Tarih Toplam Ödünçverme Son Görülme Tarihi Son Kontrol Tarihi Genel / Bağış Notu
Book Prof. Dr. Azmi Özcan Kütüphanesi Prof. Dr. Azmi Özcan Kütüphanesi Uluğbey Salonu Library of Congress Classification Bağış SOSYAL BİLİMLER Endüstriler, Arazi Kullanımı, İşgücü HD9506 .M33 2001 0036215 02/02/2026         11/04/2012   05/12/2024 05/12/2024 Genel Bağış